| 000 | 00962nam a2200241 a 4500 | ||
|---|---|---|---|
| 005 | 20191224042312.0 | ||
| 008 | 110810s2006 ck a gr 00010 spa d | ||
| 020 | _a9589795064 | ||
| 040 |
_aCO-BoBLA _cCO-BoBLA _dCO-BoIAVH |
||
| 041 | 0 | _aspa | |
| 044 | _ack | ||
| 090 |
_aFG- _b0061 |
||
| 100 | 1 | _aVargas Avila, Guillermo | |
| 245 | 1 | 0 |
_aTransformación y elaboración de alimentos con especies vegetales y animales por las comunidades de cubeos del cuduyari / _cGuillermo Vargas Avila. |
| 260 |
_aSan José del Guaviare : _bInstituto Amazónico de Investigación Cientíificas : _bAlcaldía de Mitú, _c2006. |
||
| 300 |
_a24 páginas : _bilustraciones a color ; _c17 x 24 cm. |
||
| 650 | 2 | 4 |
_aKubeos _xAbastecimiento de alimentos |
| 650 | 2 | 4 |
_aKubeos _xVida social y costumbres |
| 650 | 2 | 4 |
_aKubeos _xAlimentos |
| 650 | 2 | 4 |
_aCocina indígena _zColombia |
| 650 | 2 | 6 | _aSeguridad alimentaria |
| 942 |
_2z _cFolleto |
||
| 999 |
_c19073 _d19073 |
||